000 00491 a2200157 4500
003 NUST
005 20230222122225.0
040 _cNust
082 _a297.4,GHA
100 _aGhazali, Imam Muhammad
_9109468
245 _aAkseer-e-Hidayat Tarjuma-e-Kimiya-e-saadat / اکسیر ھدایت اردو ترجمہ کیمیاے سعادت (Urdu) /
_cImam muhammad Ghazali
260 _akarachi
_bDarul ishat
300 _a624 p.;
650 _aSufism - Islam
_937223
942 _2ddc
_cBK
_k297.4,GHA
999 _c188182
_d188182